000 00792nam a22002177a 4500
005 20251108173252.0
008 250721s2006 xx 000 0 ara d
020 _a9957321072
082 1 4 _a371.2/ عيا
100 1 _aعياصرة، علي أحمد عبد الرحمن
_eمؤلف
245 1 0 _aالإتصال القيادي في المؤسسات التربوية /
246 1 1 _aالاتصال القيادي في المؤسسات التربوية
264 1 _aعمان :
_bدار الحامد للنشر والتوزيع،
_c2006.
300 _a258ص.
650 1 7 _aالإدارة التربوية
650 1 7 _aالإدارة التعليمية
650 1 7 _aالقيادة
700 1 _aالفاضل، محمد محمود العودة
942 _2ddc
_cBK
999 _c99973
_d99973